Statistics for Every Golden Globe Nominee for Best Actor in a Comedy/Musical Film

Click here to take the quiz!

General Stats

  • This quiz has been taken 37 times
  • The average score is 214 of 352

Answer Stats

YearFilmNominee% Correct
1990Edward ScissorhandsJohnny Depp
100%
2006Pirates of the Caribbean: Dead Man's ChestJohnny Depp
100%
1993Benny & JoonJohnny Depp
100%
2010Alice in WonderlandJohnny Depp
100%
2010The TouristJohnny Depp
100%
2007Sweeney Todd: The Demon Barber of Fleet StreetJohnny Depp
100%
1994Ed WoodJohnny Depp
100%
2005Charlie and the Chocolate FactoryJohnny Depp
100%
2003Pirates of the Caribbean: The Curse of the Black PearlJohnny Depp
100%
2013The Wolf of Wall StreetLeonardo DiCaprio
100%
2021Don't Look UpLeonardo DiCaprio
100%
2019Once Upon a Time in HollywoodLeonardo DiCaprio
100%
2023AirMatt Damon
100%
2009The Informant!Matt Damon
100%
2015The MartianMatt Damon
100%
2014BirdmanMichael Keaton
100%
1984Moscow on the HudsonRobin Williams
100%
1991The Fisher KingRobin Williams
100%
1993Mrs. DoubtfireRobin Williams
100%
1998Patch AdamsRobin Williams
100%
1987Good Morning, VietnamRobin Williams
100%
2007Lars and the Real GirlRyan Gosling
100%
2016La La LandRyan Gosling
100%
2011Crazy, Stupid, Love.Ryan Gosling
100%
1984GhostbustersBill Murray
97%
2012Hyde Park on HudsonBill Murray
97%
2014St. VincentBill Murray
97%
2003Lost in TranslationBill Murray
97%
1991HookDustin Hoffman
97%
2008Last Chance HarveyDustin Hoffman
97%
1967The GraduateDustin Hoffman
97%
1969John and MaryDustin Hoffman
97%
1997Wag the DogDustin Hoffman
97%
1982TootsieDustin Hoffman
97%
2003School of RockJack Black
97%
2012BernieJack Black
97%
2003Something's Gotta GiveJack Nicholson
97%
1997As Good as It GetsJack Nicholson
97%
1989BatmanJack Nicholson
97%
1985Prizzi's HonorJack Nicholson
97%
2004RayJamie Foxx
97%
1999Man on the MoonJim Carrey
97%
1994The MaskJim Carrey
97%
2000How the Grinch Stole ChristmasJim Carrey
97%
1997Liar LiarJim Carrey
97%
2004Eternal Sunshine of the Spotless MindJim Carrey
97%
2005Walk the LineJoaquin Phoenix
97%
2013HerJoaquin Phoenix
97%
2014Inherent ViceJoaquin Phoenix
97%
2023Beau Is AfraidJoaquin Phoenix
97%
1995Get ShortyJohn Travolta
97%
1977Saturday Night FeverJohn Travolta
97%
1998Primary ColorsJohn Travolta
97%
1978GreaseJohn Travolta
97%
1985Back to the FutureMichael J. Fox
97%
1996Jerry MaguireTom Cruise
97%
1983Risky BusinessTom Cruise
97%
1963CharadeCary Grant
94%
1960The Grass Is GreenerCary Grant
94%
1959Operation PetticoatCary Grant
94%
1958IndiscreetCary Grant
94%
2008In BrugesColin Farrell
94%
2022The Banshees of InisherinColin Farrell
94%
2016The LobsterColin Farrell
94%
2019Dolemite Is My NameEddie Murphy
94%
1983Trading PlacesEddie Murphy
94%
1996The Nutty ProfessorEddie Murphy
94%
1984Beverly Hills CopEddie Murphy
94%
2016Florence Foster JenkinsHugh Grant
94%
1999Notting HillHugh Grant
94%
2002About a BoyHugh Grant
94%
1994Four Weddings and a FuneralHugh Grant
94%
1989Driving Miss DaisyMorgan Freeman
94%
2007The SavagesPhilip Seymour Hoffman
94%
1988Midnight RunRobert De Niro
94%
2000Meet the ParentsRobert De Niro
94%
1999Analyze ThisRobert De Niro
94%
1977New York, New YorkRobert De Niro
94%
2023WonkaTimothée Chalamet
94%
1988BigTom Hanks
94%
2007Charlie Wilson's WarTom Hanks
94%
1993Sleepless in SeattleTom Hanks
94%
2012Silver Linings PlaybookBradley Cooper
91%
2005Breakfast on PlutoCillian Murphy
91%
2021Licorice PizzaCooper Hoffman
91%
1977Annie HallWoody Allen
91%
1983ZeligWoody Allen
91%
2000O Brother, Where Art Thou?George Clooney
88%
1992Honeymoon in VegasNicolas Cage
88%
2023Dream ScenarioNicolas Cage
88%
1987MoonstruckNicolas Cage
88%
2002Adaptation.Nicolas Cage
88%
2009Sherlock HolmesRobert Downey Jr.
88%
2017The Greatest ShowmanHugh Jackman
84%
2012Les MisérablesHugh Jackman
84%
2001Kate & LeopoldHugh Jackman
84%
1987RoxanneSteve Martin
84%
1995Father of the Bride Part IISteve Martin
84%
1981Pennies from HeavenSteve Martin
84%
1984All of MeSteve Martin
84%
1989ParenthoodSteve Martin
84%
1974The Longest YardBurt Reynolds
81%
1979Starting OverBurt Reynolds
81%
1959Who Was That Lady?Dean Martin
81%
2016DeadpoolRyan Reynolds
81%
2001The Royal TenenbaumsGene Hackman
78%
1990GhostPatrick Swayze
78%
1987Dirty DancingPatrick Swayze
78%
1995To Wong Foo, Thanks for Everything! Julie NewmarPatrick Swayze
78%
2023The HoldoversPaul Giamatti
78%
2004SidewaysPaul Giamatti
78%
2010Barney's VersionPaul Giamatti
78%
1997Jackie BrownSamuel L. Jackson
78%
2018ViceChristian Bale
75%
2013American HustleChristian Bale
75%
2015The Big ShortChristian Bale
75%
1976Silver StreakGene Wilder
75%
1971Willy Wonka & the Chocolate FactoryGene Wilder
75%
1995SabrinaHarrison Ford
75%
1963Irma la DouceJack Lemmon
75%
1959Some Like It HotJack Lemmon
75%
1963Under the Yum Yum TreeJack Lemmon
75%
1972Avanti!Jack Lemmon
75%
1968The Odd CoupleJack Lemmon
75%
1970The Out-of-TownersJack Lemmon
75%
1974The Front PageJack Lemmon
75%
1960The ApartmentJack Lemmon
75%
1986That's Life!Jack Lemmon
75%
1965The Great RaceJack Lemmon
75%
1998Little VoiceMichael Caine
75%
1988Dirty Rotten ScoundrelsMichael Caine
75%
1983Educating RitaMichael Caine
75%
1966GambitMichael Caine
75%
1975The Return of the Pink PantherPeter Sellers
75%
1976The Pink Panther Strikes AgainPeter Sellers
75%
1964The Pink PantherPeter Sellers
75%
1979Being TherePeter Sellers
75%
2002ChicagoRichard Gere
75%
1990Pretty WomanRichard Gere
75%
1967CamelotRichard Harris
75%
2006BoratSacha Baron Cohen
75%
2020Borat Subsequent MoviefilmSacha Baron Cohen
75%
2017Battle of the SexesSteve Carell
75%
2015The Big ShortSteve Carell
75%
1982Author! Author!Al Pacino
72%
2015Danny CollinsAl Pacino
72%
2021Tick, Tick...Boom!Andrew Garfield
72%
2019Knives OutDaniel Craig
72%
2022Glass Onion: A Knives Out MysteryDaniel Craig
72%
1961Pocketful of MiraclesGlenn Ford
72%
1956The Teahouse of the August MoonGlenn Ford
72%
1957Don't Go Near the WaterGlenn Ford
72%
2008Pineapple ExpressJames Franco
72%
2017The Disaster ArtistJames Franco
72%
2018Green BookViggo Mortensen
72%
1984Micki & MaudeDudley Moore
69%
1981ArthurDudley Moore
69%
197910Dudley Moore
69%
1995The American PresidentMichael Douglas
69%
1989The War of the RosesMichael Douglas
69%
1988Who Framed Roger RabbitBob Hoskins
66%
1951An American in ParisGene Kelly
66%
1990Home AloneMacaulay Culkin
66%
1956The Teahouse of the August MoonMarlon Brando
66%
1977High AnxietyMel Brooks
66%
1976Silent MovieMel Brooks
66%
2022The MenuRalph Fiennes
66%
2014The Grand Budapest HotelRalph Fiennes
66%
1967Doctor DolittleRex Harrison
66%
1964My Fair LadyRex Harrison
66%
2006Stranger than FictionWill Ferrell
66%
1991City SlickersBilly Crystal
63%
1992Mr. Saturday NightBilly Crystal
63%
1989When Harry Met Sally...Billy Crystal
63%
2017Get OutDaniel Kaluuya
63%
2002Igby Goes DownKieran Culkin
63%
1986Ferris Bueller's Day OffMatthew Broderick
63%
1980Melvin and HowardPaul Le Mat
63%
2018The Old Man & the GunRobert Redford
63%
2019RocketmanTaron Egerton
63%
1963Tom JonesAlbert Finney
59%
1970ScroogeAlbert Finney
59%
2013NebraskaBruce Dern
59%
1996Tin CupKevin Costner
59%
1969Goodbye, Mr. ChipsPeter O'Toole
59%
1972Man of La ManchaPeter O'Toole
59%
1982My Favorite YearPeter O'Toole
59%
1978Heaven Can WaitWarren Beatty
59%
1975ShampooWarren Beatty
59%
1998BulworthWarren Beatty
59%
2002Punch-Drunk LoveAdam Sandler
56%
1998The Mask of ZorroAntonio Banderas
56%
1996EvitaAntonio Banderas
56%
1974Harry and TontoArt Carney
56%
2001BanditsBilly Bob Thornton
56%
2003Bad SantaBilly Bob Thornton
56%
1964Mary PoppinsDick Van Dyke
56%
2011The ArtistJean Dujardin
56%
1991SoapdishKevin Kline
56%
2004De-LovelyKevin Kline
56%
1993DaveKevin Kline
56%
1997In & OutKevin Kline
56%
2018Mary Poppins ReturnsLin-Manuel Miranda
56%
2020HamiltonLin-Manuel Miranda
56%
2011Midnight in ParisOwen Wilson
56%
2012Salmon Fishing in the YemenEwan McGregor
53%
2001Moulin Rouge!Ewan McGregor
53%
1991The Fisher KingJeff Bridges
53%
2023American FictionJeffrey Wright
53%
2010Casino JackKevin Spacey
53%
2004Beyond the SeaKevin Spacey
53%
2000What Women WantMel Gibson
53%
1977The Goodbye GirlRichard Dreyfuss
53%
1973American GraffitiRichard Dreyfuss
53%
1980HopscotchWalter Matthau
53%
1975The Sunshine BoysWalter Matthau
53%
1966The Fortune CookieWalter Matthau
53%
1981First Monday in OctoberWalter Matthau
53%
1974The Front PageWalter Matthau
53%
1968The Odd CoupleWalter Matthau
53%
1972Pete 'n' TillieWalter Matthau
53%
1971KotchWalter Matthau
53%
1987Broadcast NewsWilliam Hurt
53%
1994JuniorArnold Schwarzenegger
50%
2008In BrugesBrendan Gleeson
50%
2011The GuardBrendan Gleeson
50%
2009NineDaniel Day-Lewis
50%
1986Ruthless PeopleDanny DeVito
50%
1987Throw Momma from the TrainDanny DeVito
50%
1957Pal JoeyFrank Sinatra
50%
1963Come Blow Your HornFrank Sinatra
50%
1961The Pleasure of His CompanyFred Astaire
50%
1968Finian's RainbowFred Astaire
50%
1950Three Little WordsFred Astaire
50%
1974ClaudineJames Earl Jones
50%
201150/50Joseph Gordon-Levitt
50%
2009(500) Days of SummerJoseph Gordon-Levitt
50%
2013Inside Llewyn DavisOscar Isaac
50%
1992Bob RobertsTim Robbins
50%
1992The PlayerTim Robbins
50%
1980Coal Miner's DaughterTommy Lee Jones
50%
1966The Russians Are Coming, the Russians Are ComingAlan Arkin
47%
1971The Million Dollar DuckDean Jones
47%
1970M*A*S*HDonald Sutherland
47%
1990Green CardGérard Depardieu
47%
1975Funny LadyJames Caan
47%
2008Vicky Christina BarcelonaJavier Bardem
47%
2016War DogsJonah Hill
47%
1964Marriage Italian-StyleMarcello Mastroianni
47%
1962Divorce Italian StyleMarcello Mastroianni
47%
1992Used PeopleMarcello Mastroianni
47%
1967The Taming of the ShrewRichard Burton
47%
1956The King and IYul Brynner
47%
2007Walk Hard: The Dewey Cox StoryJohn C. Reilly
44%
2018Stan & OllieJohn C. Reilly
44%
1969Paint Your WagonLee Marvin
44%
1965Cat BallouLee Marvin
44%
1979All That JazzRoy Scheider
44%
1953The Moon Is BlueDavid Niven
41%
1957My Man GodfreyDavid Niven
41%
2010Love & Other DrugsJake Gyllenhaal
41%
1988A Fish Called WandaJohn Cleese
41%
2005The ProducersNathan Lane
41%
1996The BirdcageNathan Lane
41%
2014Big EyesChristoph Waltz
38%
1970M*A*S*HElliott Gould
38%
1975The Sunshine BoysGeorge Burns
38%
1965Boeing BoeingJerry Lewis
38%
1986Crocodile DundeePaul Hogan
38%
1965Those Magnificent Men in their Flying MachinesAlberto Sordi
34%
1963To Bed or Not to BedAlberto Sordi
34%
2017Baby DriverAnsel Elgort
34%
1985Murphy's RomanceJames Garner
34%
1963The Wheeler DealersJames Garner
34%
1985The Purple Rose of CairoJeff Daniels
34%
1986Something WildJeff Daniels
34%
2005The Squid and the WhaleJeff Daniels
34%
2000High FidelityJohn Cusack
34%
2019Jojo RabbitRoman Griffin Davis
34%
1999Sweet and LowdownSean Penn
34%
2006Thank You for SmokingAaron Eckhart
31%
1978Same Time, Next YearAlan Alda
31%
1981The Four SeasonsAlan Alda
31%
2020Palm SpringsAndy Samberg
31%
1978Movie MovieGeorge C. Scott
31%
2015Infinitely Polar BearMark Ruffalo
31%
2021CyranoPeter Dinklage
31%
1967L'immoraleUgo Tognazzi
31%
1968The ProducersZero Mostel
31%
2022White NoiseAdam Driver
28%
2020The Personal History of David CopperfieldDev Patel
28%
1978The Buddy Holly StoryGary Busey
28%
1976A Star Is BornKris Kristofferson
28%
1964TopkapiPeter Ustinov
28%
1959Porgy and BessSidney Poitier
28%
1969The ReiversSteve McQueen
28%
1971Fiddler on the RoofTopol
28%
1973Paper MoonRyan O'Neal
25%
1960The Facts of LifeBob Hope
22%
1961Bachelor in ParadiseBob Hope
22%
2006Kinky BootsChiwetel Ejiofor
22%
1954A Star Is BornJames Mason
22%
2009A Serious ManMichael Stuhlbarg
22%
1968Oliver!Ron Moody
22%
2021In the HeightsAnthony Ramos
19%
1959But Not for MeClark Gable
19%
1958Teacher's PetClark Gable
19%
1951On the RivieraDanny Kaye
19%
1956The Court JesterDanny Kaye
19%
1958Me and the ColonelDanny Kaye
19%
2022BabylonDiego Calva
19%
1952Singin' in the RainDonald O'Connor
19%
2020The PromJames Corden
19%
1965A Thousand ClownsJason Robards
19%
2005The MatadorPierce Brosnan
19%
1960PepeCantinflas
16%
1956Around the World in 80 DaysCantinflas
16%
1993The SnapperColm Meaney
16%
1985After HoursGriffin Dunne
16%
1982Night ShiftHenry Winkler
16%
1983YentlMandy Patinkin
16%
1961West Side StoryRichard Beymer
16%
1982Victor/VictoriaRobert Preston
16%
1999An Ideal HusbandRupert Everett
16%
1994The Adventures of Priscilla, Queen of the DesertTerence Stamp
16%
1966Georgy GirlAlan Bates
13%
1969The Secret of Santa VittoriaAnthony Quinn
13%
1973Jesus Christ SuperstarCarl Anderson
13%
1978Foul PlayChevy Chase
13%
1979Love at First BiteGeorge Hamilton
13%
1981Zorro, The Gay BladeGeorge Hamilton
13%
1958GigiMaurice Chevalier
13%
1957Love in the AfternoonMaurice Chevalier
13%
1980The Jazz SingerNeil Diamond
13%
1971Harold and MaudeBud Cort
9%
1961The Absent-Minded ProfessorFred MacMurray
9%
1973A Touch of ClassGeorge Segal
9%
2001Hedwig and the Angry InchJohn Cameron Mitchell
9%
1963It's a Mad, Mad, Mad, Mad WorldJonathan Winters
9%
1955The Seven Year ItchTom Ewell
9%
1957Will Success Spoil Rock Hunter?Tony Randall
9%
1972The Heartbreak KidCharles Grodin
6%
1960Song Without EndDirk Bogarde
6%
1972Butterflies Are FreeEdward Albert
6%
1976The RitzJack Weston
6%
1962Billy Rose's JumboJimmy Durante
6%
1966The Spy with a Cold NoseLionel Jeffries
6%
1958GigiLouis Jordan
6%
1980The IdolmakerRay Sharkey
6%
1970Diary of a Mad HousewifeRichard Benjamin
6%
1962Billy Rose's JumboStephen Boyd
6%
1973Jesus Christ SuperstarTed Neeley
6%

Score Distribution

Percentile by Number Answered

Percent of People with Each Score

Your Score History

You have not taken this quiz